Which Video Game Came First? - Statistics

General Stats
  • This quiz has been taken 8 times
  • The average score is 5 of 15
Answer Stats
Question Answer % Correct
Which Came First? Super Mario Bros.
71%
Which Came First? Call of Duty
43%
Which Came First? Halo
43%
Which Came First? Mega Man
43%
Which Came First? TLOZ: Breath of the Wild
43%
Which Came First? Alan Wake
29%
Which Came First? Gears of War
29%
Which Came First? Sonic The Hedgehog
29%
Which came first? Space Invaders
29%
Which Came First? Super Smash Bros. Brawl
29%
Which Came First? TLOZ: Ocarina of Time
29%
Which Came First? Wolfenstein 3D
29%
Which Came First? Alien Isolation
14%
Which Came First? Sonic Adventure
14%
Which Came First? The Last of Us
14%
No matching quizzes found
Score Distribution
Percent of People with Each Score
Percentile by Number Answered
Your Score History
You have not taken this quiz